[Event "ch-CZE Junior 2017"]
[Site "masterchessopen.com Kouty nad Desnou CZE"]
[Date "2017.03.16"]
[Round "9.2"]
[White "Liska,Ji2"]
[Black "Jelinek,Michal"]
[Result "1-0"]
[WhiteElo "2223"]
[BlackElo "2056"]

1.Nf3 Nf6 2.c4 e6 3.g3 d5 4.Bg2 Be7 5.O-O O-O 6.d4 c6 7.Qc2 Nbd7 8.b3 b6 9.Rd1
Bb7 10.Nc3 Rc8 11.e4 a5 12.e5 Ne8 13.h4 h6 14.Be3 b5 15.c5 b4 16.Ne2 Nc7 17.a4
Ba6 18.Nf4 Qe8 19.h5 f5 20.exf6 Bxf6 21.Ng6 Rf7 22.Bf4 Nf8 23.Re1 Ra8 24.Bh3
Bc8 25.Nfe5 Bxe5 26.Nxe5 Re7 27.Qe2 Ra7 28.Ng4 Ba6 29.Qe5 Nd7 30.Qd6 e5
31.Nxe5 Nf6 32.Kh2 Ne4 33.Rxe4 dxe4 34.Nxc6 Ne6 35.Nxe7+ {#r} 1-0

[Event "ch-CZE Junior 2017"]
[Site "masterchessopen.com Kouty nad Desnou CZE"]
[Date "2017.03.16"]
[Round "9.3"]
[White "Havelka,Josef"]
[Black "Kozusek,Daniel"]
[Result "0-1"]
[WhiteElo "2282"]
[BlackElo "2216"]

1.e4 e6 2.d4 d5 3.Nd2 a6 4.Ngf3 Nf6 5.e5 Nfd7 6.a3 c5 7.dxc5 Bxc5 8.Nb3 Ba7
9.Bd3 Nc6 10.Bf4 Bb8 11.Qe2 Qc7 12.O-O-O Ndxe5 13.Kb1 f6 14.Nxe5 Nxe5 15.c3
Qf7 16.Bc2 O-O 17.h4 Bd7 18.Nd4 Nc6 19.Bxb8 Nxd4 20.Rxd4 Raxb8 21.Qd3 f5 22.f4
h5 23.Re1 b5 24.Bb3 Kh8 25.Qe2 Rb6 26.g3 Rc8 27.Bd1 g6 28.Qe5+ Qg7 29.Qe3 Rb7
30.Bb3 a5 31.Qd2 Rcb8 32.Re3 Qf8 33.Red3 Kg7 34.Qe1 Qf6 35.Rd2 Kh6 36.Qe3 Bc6
37.Re2 Bd7 38.Red2 Bc6 39.Re2 b4 40.axb4 axb4 41.c4 dxc4 42.Bxc4 Rd8 43.Rxd8
Qxd8 44.Rd2 Qa5 45.Qd4 Kh7 46.Qf6 Be4+ 47.Bd3 b3 48.Bxe4 Qxd2 49.Qf7+ Rxf7
{#R} 0-1

[Event "ch-CZE Junior 2017"]
[Site "masterchessopen.com Kouty nad Desnou CZE"]
[Date "2017.03.16"]
[Round "9.4"]
[White "Vykouk,Jan"]
[Black "Hollan,Petr"]
[Result "1-0"]
[WhiteElo "2424"]
[BlackElo "2332"]

1.e4 e5 2.Nf3 Nc6 3.Bb5 a6 4.Ba4 Nf6 5.O-O Be7 6.Re1 b5 7.Bb3 O-O 8.d3 d6 9.c3
Na5 10.Bc2 c5 11.Nbd2 Bb7 12.Nf1 Re8 13.Ng3 g6 14.d4 cxd4 15.cxd4 Nc6 16.d5
Nb4 17.Bb1 a5 18.h3 Bf8 19.Qe2 Qd7 20.a3 Na6 21.Bd3 Nc7 22.Bg5 Bg7 23.Nh4 h6
24.Be3 Kh7 25.Rec1 Rec8 26.Rc2 b4 27.Rac1 bxa3 28.bxa3 Nce8 29.Rxc8 Rxc8
30.Rxc8 Qxc8 31.Qc2 Qd8 32.Nf3 Nd7 33.Nd2 Bf8 34.Bb5 Nc7 35.Bc6 Bxc6 36.Qxc6
Nb8 37.Qb7 Nd7 38.Nc4 Ne8 39.Qb5 Nc7 40.Qxa5 Qc8 41.Nb6 Nxb6 42.Qxb6 Na6
43.Qc6 {#r} 1-0

[Event "ch-CZE Junior 2017"]
[Site "masterchessopen.com Kouty nad Desnou CZE"]
[Date "2017.03.16"]
[Round "9.6"]
[White "Husek,Martin"]
[Black "Pulpan,J"]
[Result "1-0"]
[WhiteElo "2174"]
[BlackElo "2394"]

1.e4 d6 2.d4 Nf6 3.Nc3 Nbd7 4.f4 e5 5.Nf3 exd4 6.Qxd4 c6 7.Be3 d5 8.e5 Bc5
9.Qd2 Bxe3 10.Qxe3 Ng4 11.Qd2 Qb6 12.O-O-O Nc5 13.Nd4 h5 14.Re1 Nh6 15.e6 O-O
16.f5 fxe6 17.fxe6 Re8 18.e7 Qc7 19.Qg5 Nf7 20.Qe3 Ne6 21.Nxe6 Qxe7 22.Nc7
Qxe3+ 23.Rxe3 Rxe3 24.Nxa8 Bf5 25.Nc7 Re1+ 26.Kd2 Re7 27.N3xd5 cxd5 28.Nxd5
Rd7 29.c4 Be4 30.Ke3 Bxd5 31.cxd5 Rxd5 32.Bc4 Rf5 33.Ke4 Rf2 34.Rf1 Rxf1
35.Bxf1 Kf8 36.Be2 g6 37.Bc4 Nd6+ 38.Kd5 Ke7 39.Bd3 g5 40.Ke5 b6 41.Be2 g4
42.b3 Ne8 43.Kf5 Nf6 44.Bc4 h4 45.Kg5 h3 46.g3 a5 47.a4 {#r} 1-0

[Event "17th Mediterranean Flower"]
[Site "masterchessopen.com Rijeka CRO"]
[Date "2017.03.16"]
[Round "6.3"]
[White "Unuk,Laura"]
[Black "Berke,A"]
[Result "1-0"]
[WhiteElo "2245"]
[BlackElo "2153"]

1.d4 Nf6 2.c4 c5 3.d5 b5 4.cxb5 a6 5.bxa6 g6 6.Nc3 Bxa6 7.e4 Bxf1 8.Kxf1 d6
9.g3 Bg7 10.Nf3 O-O 11.Kg2 Nbd7 12.a4 Ra6 13.Qc2 Qa8 14.Ra3 Rc8 15.Rd1 e6
16.dxe6 fxe6 17.Bf4 d5 18.exd5 exd5 19.Nb5 Qc6 20.Nd6 Rf8 21.Qe2 Ne4 22.Nxe4
dxe4 23.Ng5 e3+ 24.f3 Rb6 25.Qc4+ Kh8 26.Rxe3 Rxb2+ 27.Kh3 Qf6 28.Qe6 h6
29.Qxf6 Bxf6 30.Nh7 Kxh7 31.Rxd7+ Kg8 32.Bd6 Bd4 33.Re6 Rc8 34.Rxg6+ Kh8
35.Rxh6+ Kg8 36.Rg6+ Kh8 37.Rg4 Rb6 38.a5 Ra6 39.Bc7 Ra7 40.Be5+ Bxe5 41.Rxa7
c4 42.Re7 Bf6 43.Re6 Bg7 44.Ree4 {#r} 1-0

[Event "17th Mediterranean Flower"]
[Site "masterchessopen.com Rijeka CRO"]
[Date "2017.03.16"]
[Round "6.4"]
[White "Drljevic,L"]
[Black "Kejzar,Petra"]
[Result "1-0"]
[WhiteElo "2257"]
[BlackElo "2013"]

1.e4 c5 2.d3 g6 3.g3 Bg7 4.Bg2 Nc6 5.Nc3 d6 6.Nge2 e6 7.Be3 Nd4 8.Qd2 Rb8
9.O-O b5 10.Nd1 Nxe2+ 11.Qxe2 Ne7 12.a3 O-O 13.f4 Qc7 14.c3 Bd7 15.h3 f5
16.Bf2 a5 17.Ne3 b4 18.axb4 axb4 19.Rfc1 bxc3 20.bxc3 Rb3 21.d4 Rfb8 22.e5 d5
23.dxc5 Rb2 24.Qe1 Bc6 25.Nc2 Kf7 26.Nd4 g5 27.Ra6 gxf4 28.gxf4 Bh6 29.Be3 Rg8
30.Bd2 Bxf4 31.Bxf4 Rgxg2+ 32.Kh1 Qc8 33.Rb6 Ra2 34.Qh4 Qg8 35.Qf6+ {#r} 1-0

[Event "17th Mediterranean Flower"]
[Site "masterchessopen.com Rijeka CRO"]
[Date "2017.03.16"]
[Round "7.5"]
[White "Doluhanova,E"]
[Black "Medic,Mir"]
[Result "1-0"]
[WhiteElo "2270"]
[BlackElo "2149"]

1.e4 e6 2.d4 d5 3.Bd3 Nf6 4.e5 Nfd7 5.c3 c5 6.f4 Nc6 7.Nf3 Qb6 8.f5 cxd4
9.fxe6 Ndxe5 10.Nxe5 Nxe5 11.exf7+ Nxf7 12.Qe2+ Qe6 13.Bb5+ Kd8 14.O-O Qxe2
15.Bxe2 Be6 16.cxd4 Be7 17.Nc3 Bf6 18.Be3 Nd6 19.g4 h6 20.Kg2 Rc8 21.Rac1 Nc4
22.Bxc4 Rxc4 23.b3 Rc6 24.Kg3 Ke7 25.Ne2 Rhc8 26.Rxc6 Rxc6 27.Rc1 Rxc1 28.Bxc1
Bf7 29.h4 Kd7 30.g5 hxg5 31.Bxg5 Bxg5 32.hxg5 Bg6 33.Kh4 Bf7 34.Nf4 g6 35.Kg3
Kd6 36.Kf3 Be8 37.Ke3 Bf7 38.Kd3 Be8 39.Kc3 a5 40.b4 b6 41.bxa5 bxa5 42.Kb3
Kc6 43.Kc3 Kd6 44.Kd2 Bf7 45.Ng2 Be8 46.Nh4 Ke6 47.Ke3 Bf7 48.Kf4 Be8 49.Nf3
Ba4 50.Ne5 Bc2 51.Nc6 a4 52.a3 Kd6 53.Nb4 Bb3 54.Nd3 Bc2 55.Ne5 Ke6 56.Ng4 Bf5
57.Ne3 Bd3 58.Kg3 Be4 59.Kf2 Bd3 60.Ke1 Bc4 61.Kd2 Bb3 62.Kc3 Kd6 63.Kb4 Kc6
64.Ng2 Kd6 65.Nf4 Bc2 66.Kb5 Be4 67.Kxa4 Kc6 68.Ka5 Bf5 69.a4 Bc2 70.Kb4 Be4
71.a5 Bf5 72.a6 Be4 73.Ka5 Bc2 74.Nxd5 Be4 75.Nf6 Bf5 76.d5+ {#r} 1-0

[Event "33rd ChessOrg Open"]
[Site "masterchessopen.com Bad Woerishofen GER"]
[Date "2017.03.16"]
[Round "7.3"]
[White "Naumkin,I"]
[Black "Pitschka,C"]
[Result "1-0"]
[WhiteElo "2416"]
[BlackElo "2251"]

1.d4 c5 2.d5 d6 3.e4 Nf6 4.Nc3 g6 5.Nf3 Bg7 6.Be2 O-O 7.O-O Na6 8.h3 Nc7 9.a4
b6 10.Bf4 Bb7 11.Re1 a6 12.Bc4 Qd7 13.Qd3 Rad8 14.Rad1 Qc8 15.Qe3 Rfe8 16.Bh6
e6 17.Bxg7 Kxg7 18.dxe6 Nxe6 19.b3 Nc7 20.Qf4 d5 21.exd5 Ncxd5 22.Bxd5 Nxd5
23.Nxd5 Rxd5 24.Rxd5 Bxd5 25.Rxe8 Qxe8 26.Ne5 Qe6 27.Ng4 h5 28.Ne3 Bb7 29.Qc7
Qc6 30.Qd8 Qf6 31.Qc7 Qc6 32.Qe7 Qe4 33.Qg5 Qe6 34.a5 Bc8 35.axb6 Qxb6 36.Qe5+
Kh7 37.Nd5 Qe6 38.Nf6+ Kh6 39.Ng8+ Kh7 40.Nf6+ Kh6 41.Qc3 Bb7 42.h4 Qc6 43.f3
Qe6 44.Ne4 f6 45.Nxc5 Qb6 46.Qe3+ g5 47.Kh1 Bc8 48.hxg5+ fxg5 49.Qe5 Qd8
50.Ne4 g4 51.Nf6 gxf3 52.Qxh5+ Kg7 53.Qh7+ Kf8 54.Qh8+ Ke7 55.Qxd8+ Kxd8
56.gxf3 Ke7 57.Ne4 Ke6 58.Kg2 {#r} 1-0

[Event "33rd ChessOrg Open"]
[Site "masterchessopen.com Bad Woerishofen GER"]
[Date "2017.03.16"]
[Round "7.5"]
[White "Hess,Max"]
[Black "Pirrot,D"]
[Result "0-1"]
[WhiteElo "2251"]
[BlackElo "2357"]

1.e4 c6 2.d4 d5 3.e5 c5 4.Nf3 Bg4 5.c4 cxd4 6.Qxd4 Bxf3 7.gxf3 Nc6 8.Qxd5 e6
9.Qe4 Bb4+ 10.Bd2 Bxd2+ 11.Nxd2 Qa5 12.f4 O-O-O 13.O-O-O Nge7 14.Bg2 Rd4
15.Qf3 Qxa2 16.Qc3 Qa1+ 17.Nb1 Rhd8 18.Rxd4 Rxd4 19.Kc2 Qa4+ 20.b3 Qa2+ 21.Kc1
Na5 22.Qb2 Nxb3+ 23.Kc2 Rxc4+ 24.Nc3 Nd4+ 25.Kc1 Ne2+ {#R} 0-1

[Event "33rd ChessOrg Open"]
[Site "masterchessopen.com Bad Woerishofen GER"]
[Date "2017.03.16"]
[Round "7.8"]
[White "Cebalo,M"]
[Black "Bergauz,Avigdor"]
[Result "1-0"]
[WhiteElo "2330"]
[BlackElo "2075"]

1.d4 c5 2.d5 e5 3.e4 d6 4.Nc3 Be7 5.Nf3 Nf6 6.h3 O-O 7.Be2 Na6 8.Be3 Nc7 9.a4
a6 10.Nd2 Bd7 11.a5 Bb5 12.Na4 Bxe2 13.Qxe2 Nb5 14.Nb6 Rb8 15.O-O Nd7 16.Nxd7
Qxd7 17.c3 Rbe8 18.Nc4 Bd8 19.Qg4 f5 20.exf5 Qxf5 21.Qxf5 Rxf5 22.g4 Rf7
23.Kg2 h5 24.f3 Be7 25.Nd2 g6 26.Ne4 Kg7 27.Ra4 h4 28.Bg5 Bxg5 29.Nxg5 Rf4
30.Ne6+ Rxe6 31.Rxf4 exf4 32.dxe6 Kf6 33.Re1 Ke7 34.Re4 g5 35.Kf2 Nc7 36.Ke2
Nxe6 37.Kd3 Kd7 38.Re1 Nd8 39.Ke4 Ke6 40.Rd1 Nc6 41.Rd5 Ne7 42.Rxg5 Kf6
43.Kxf4 Ng6+ {#r} 1-0

[Event "33rd ChessOrg Open"]
[Site "masterchessopen.com Bad Woerishofen GER"]
[Date "2017.03.16"]
[Round "7.10"]
[White "Englmeier,H"]
[Black "Felgendreher,Heiko"]
[Result "1-0"]
[WhiteElo "2191"]
[BlackElo "2224"]

1.e4 c5 2.Nf3 Nc6 3.Nc3 Nf6 4.Bc4 e6 5.Qe2 d6 6.O-O a6 7.a4 g6 8.d3 Bg7 9.Be3
Ng4 10.Bg5 f6 11.Bf4 h5 12.h3 Nh6 13.Bxh6 Rxh6 14.Nd1 g5 15.Ne3 Ne5 16.d4
Nxf3+ 17.Qxf3 cxd4 18.Nf5 exf5 19.exf5 Qa5 20.Rfe1+ Kd8 21.b4 Qxf5 22.Qe2 Qd7
23.b5 f5 24.Qd2 d5 25.Qxg5+ Rf6 26.Bxd5 Qxd5 27.Qxg7 Qf7 28.Qh8+ Qf8 29.Qxh5
axb5 30.axb5 Rxa1 31.Rxa1 Rd6 32.Ra8 Kc7 33.Qe2 Qf7 34.Qe5 b6 35.Rxc8+ Kxc8
36.Qxd6 Kb7 37.Qxd4 Qe6 38.c4 Ka7 39.c5 f4 40.c6 Qe1+ 41.Kh2 Ka8 42.Qd8+ {#r}
1-0

[Event "33rd ChessOrg Open"]
[Site "masterchessopen.com Bad Woerishofen GER"]
[Date "2017.03.16"]
[Round "7.12"]
[White "Ballon,G"]
[Black "Kannenberg,KH"]
[Result "0-1"]
[WhiteElo "2106"]
[BlackElo "2212"]

1.d4 f5 2.g3 Nf6 3.Bg2 e6 4.Nh3 d5 5.O-O Bd6 6.Bf4 Be7 7.c4 O-O 8.Nc3 c6 9.b3
h6 10.f3 Rf7 11.Qd3 Nbd7 12.Nf2 b6 13.cxd5 Nxd5 14.Nxd5 cxd5 15.Rac1 Ba3
16.Rc2 Bb7 17.Bc1 Bd6 18.e4 Rc8 19.e5 Bf8 20.Bb2 Ba6 {#R} 0-1

[Event "33rd ChessOrg Open"]
[Site "masterchessopen.com Bad Woerishofen GER"]
[Date "2017.03.16"]
[Round "7.21"]
[White "Roemer,U"]
[Black "Remensberger,P"]
[Result "1-0"]
[WhiteElo "2182"]
[BlackElo "2059"]

1.d4 e6 2.Nf3 c5 3.e3 Nf6 4.Bd3 b6 5.O-O Bb7 6.c4 Be7 7.Nc3 cxd4 8.exd4 d6
9.d5 exd5 10.cxd5 O-O 11.Nd4 Nxd5 12.Nxd5 Bxd5 13.Qh5 f5 14.Nxf5 Bg5 15.Bxg5
Rxf5 16.Bxf5 Qe8 {#r} 1-0

[Event "33rd ChessOrg Open"]
[Site "masterchessopen.com Bad Woerishofen GER"]
[Date "2017.03.16"]
[Round "7.26"]
[White "Kugelmann,W"]
[Black "Kwossek,G"]
[Result "0-1"]
[WhiteElo "2118"]
[BlackElo "2050"]

1.e4 d6 2.d4 Nf6 3.Nc3 e5 4.Nf3 Nbd7 5.Bc4 Be7 6.O-O O-O 7.Re1 c6 8.a4 h6 9.h3
Re8 10.dxe5 dxe5 11.Qe2 Qc7 12.Be3 Nf8 13.Nh4 Be6 14.Nf5 Bb4 15.Bd2 a5 16.Bd3
Rad8 17.Qf3 N8h7 18.g4 Ng5 19.Nxh6+ gxh6 20.Bxg5 hxg5 21.Qxf6 Be7 22.Qh6 Rd6
23.Qh5 Kg7 {#R} 0-1

[Event "3rd UT-RGV IM Inv. 2017"]
[Site "masterchessopen.com Brownsville USA"]
[Date "2017.03.16"]
[Round "5.3"]
[White "Serna,Jeffrey M"]
[Black "Haessel,D"]
[Result "1-0"]
[WhiteElo "2022"]
[BlackElo "2142"]

1.e4 e5 2.Bc4 Nf6 3.Nc3 Nc6 4.d3 Na5 5.Qf3 Nxc4 6.dxc4 d6 7.h3 Be6 8.b3 c6
9.Nge2 Be7 10.O-O O-O 11.Rd1 Qc7 12.a4 Nd7 13.Ng3 g6 14.Bh6 Rfd8 15.Rd2 f6
16.Rad1 Nc5 17.Nce2 Bf7 18.h4 a6 19.Nf1 f5 20.exf5 Bxh4 21.Ne3 Qe7 22.Qg4 Kh8
23.fxg6 hxg6 24.Nf5 Be6 25.Qxh4 {#r} 1-0

[Event "3rd UT-RGV IM Inv. 2017"]
[Site "masterchessopen.com Brownsville USA"]
[Date "2017.03.16"]
[Round "5.5"]
[White "Vazquez,Guillermo"]
[Black "Wang,Justin"]
[Result "1-0"]
[WhiteElo "2436"]
[BlackElo "2177"]

1.d4 Nf6 2.Bf4 e6 3.e3 c5 4.c3 Nc6 5.Nd2 d5 6.Ngf3 Bd6 7.Bg3 O-O 8.Bb5 Ne7
9.Bd3 cxd4 10.exd4 Nf5 11.Qe2 a6 12.a4 Re8 13.a5 Nxg3 14.hxg3 h6 15.Ne5 Bxe5
16.dxe5 Nd7 17.Nf3 f5 18.Nd4 Nc5 19.f4 Bd7 20.g4 Ne4 21.Bxe4 dxe4 22.g3 Rc8
23.Kf2 Rc5 24.Rad1 Qe7 25.gxf5 exf5 26.Qh5 Rxa5 27.Qg6 Kh8 28.Rh2 e3+ 29.Kxe3
Bc6 30.Qxf5 Kg8 31.Nxc6 bxc6 32.Rd7 Qe6 33.Qxe6+ Rxe6 34.Ke4 Ra1 35.Kf5 Re8
36.Rhd2 Rg1 37.Rd8 Kf8 38.Rxe8+ Kxe8 39.Rd3 Kf7 40.Rd7+ Kf8 41.Ke6 Kg8 42.Rd8+
Kh7 43.Rd3 Rb1 44.Kf7 Rxb2 45.e6 a5 46.e7 Rb7 47.Kf8 {#r} 1-0

[Event "69th ch-MNE 2017"]
[Site "masterchessopen.com Bar MNE"]
[Date "2017.03.16"]
[Round "6.1"]
[White "Kalezic,B"]
[Black "Petijevic,V"]
[Result "1-0"]
[WhiteElo "2465"]
[BlackElo "2303"]

1.e4 e5 2.Bc4 Nf6 3.d3 c6 4.Nf3 d5 5.Bb3 Bd6 6.O-O O-O 7.Bg5 dxe4 8.dxe4 Na6
9.Nbd2 Nc5 10.Qe2 Bg4 11.Rad1 Qe7 12.Nc4 Nxb3 13.axb3 Bc7 14.Ne3 Bh5 15.Nf5
Qe6 16.Bxf6 Qxf6 17.Rd7 Bb6 18.Rfd1 Rad8 19.R1d6 Rxd7 20.Rxf6 gxf6 21.g4 Bg6
22.Ne1 Rfd8 23.Nd3 Bxf5 24.gxf5 h6 25.Kf1 Kh7 26.h4 Rd4 27.Qh5 R8d7 28.Qg4 Rd8
29.Qh5 R8d7 30.Qg4 a6 31.Nxe5 Rd1+ 32.Kg2 R7d2 33.Nd3 Bd8 34.e5 fxe5 35.Nxe5
Bb6 36.Nd3 Rxf2+ 37.Nxf2 Rd2 38.Qe4 Rxf2+ 39.Kg3 Kg7 40.Qb4 {#r} 1-0

[Event "69th ch-MNE 2017"]
[Site "masterchessopen.com Bar MNE"]
[Date "2017.03.16"]
[Round "6.2"]
[White "Kosic,D"]
[Black "Kontic,D"]
[Result "1-0"]
[WhiteElo "2480"]
[BlackElo "2324"]

1.d4 Nf6 2.Nf3 g6 3.c4 Bg7 4.Nc3 O-O 5.e4 d6 6.Be2 Na6 7.O-O e5 8.Be3 Qe8
9.dxe5 dxe5 10.Nd2 c6 11.c5 Be6 12.Qa4 Nh5 13.Bxh5 gxh5 14.Nc4 Nxc5 15.Bxc5 b5
16.Qd1 Bxc4 17.Re1 f6 18.Bxf8 Bxf8 19.Qf3 Qg6 20.b3 Be6 21.h3 Rd8 22.Rad1 Rd4
23.Rxd4 exd4 24.Ne2 c5 25.Nf4 Qf7 26.e5 c4 27.exf6 Bd7 28.bxc4 bxc4 29.Qe4 d3
30.Qd4 a6 31.Re5 c3 32.Qxc3 Qxa2 33.Rg5+ Kf7 34.Qxd3 Kxf6 35.Rxh5 Qa1+ 36.Kh2
{#r} 1-0

[Event "7th HD Bank Cup 2017"]
[Site "masterchessopen.com Ho Chi Minh City VIE"]
[Date "2017.03.17"]
[Round "9.2"]
[White "Bogdanovich,S"]
[Black "Le Quang Liem"]
[Result "0-1"]
[WhiteElo "2602"]
[BlackElo "2712"]

1.e4 e5 2.Nf3 Nc6 3.Bb5 Nf6 4.d3 Bc5 5.c3 O-O 6.O-O d6 7.Nbd2 a6 8.Bxc6 bxc6
9.d4 exd4 10.cxd4 Bb6 11.Qc2 Re8 12.Re1 c5 13.d5 Bg4 14.b3 Ba5 15.Re3 Bxf3
16.Nxf3 Qe7 17.Rb1 Rab8 18.h3 Bb6 19.Bb2 Nxe4 20.Nd2 f5 21.Nc4 Qf7 22.Rbe1 Ba7
23.Qd3 Rbd8 24.f3 Ng3 25.Re6 f4 26.Kh2 h6 27.Na5 c4 28.Qc3 Be3 29.Nc6 Ra8
30.bxc4 Nf5 31.Qd3 Rxe6 32.dxe6 Qg6 33.Re2 Re8 34.e7 Qg3+ 35.Kh1 Qg5 36.Qd5+
Kh7 37.Re1 Nxe7 38.Nxe7 Rxe7 39.Qd1 Re6 40.Re2 Qf5 41.Bc3 Re8 42.Re1 Re6
43.Re2 c6 44.Rb2 d5 45.cxd5 cxd5 46.Rb7 Rg6 47.Bd4 Qc8 48.Rb3 Bxd4 49.Qxd4
Qc1+ 50.Qg1 Qd2 51.Rb1 Qxa2 52.Rd1 a5 53.Ra1 Qd2 54.Rd1 Qe3 55.Qf1 d4 56.Re1
Qd2 57.Rd1 Qb2 58.Rb1 Qc2 59.Rc1 Qf5 60.Rd1 Qc5 61.Rc1 Qf5 62.Rd1 Rd6 63.Qc4
d3 64.Rd2 Qe5 65.Kh2 Qe3 66.Qc3 a4 67.Qa5 Rg6 68.Ra2 Qd4 69.Rd2 Rg5 70.Qa6 Qe3
71.Ra2 d2 72.Ra1 Qf2 73.Qd3+ Rg6 74.Rg1 a3 75.Qb1 a2 76.Qa1 Re6 77.Qd1 Qg3+
78.Kh1 Re1 79.Qc2+ Qg6 {#R} 0-1

[Event "7th HD Bank Cup 2017"]
[Site "masterchessopen.com Ho Chi Minh City VIE"]
[Date "2017.03.17"]
[Round "9.5"]
[White "Mareco,S"]
[Black "Nguyen Anh Dung"]
[Result "1-0"]
[WhiteElo "2664"]
[BlackElo "2482"]

1.d4 Nf6 2.c4 e6 3.Nf3 d5 4.g3 dxc4 5.Bg2 c5 6.O-O Nc6 7.dxc5 Qxd1 8.Rxd1 Bxc5
9.Nbd2 c3 10.bxc3 O-O 11.Nb3 Be7 12.c4 Bd7 13.Bb2 Rfd8 14.Nfd4 Rac8 15.Nb5 Be8
16.c5 Rxd1+ 17.Rxd1 Kf8 18.Nd6 Rc7 19.f4 b6 20.Nb5 Rb7 21.N5d4 Nd5 22.Bxd5
exd5 23.Nf5 g6 24.Nxe7 Nxe7 25.Ba3 Kg7 26.cxb6 axb6 27.Kf2 Bb5 28.Rb1 Nc6
29.Nd2 Ba6 30.Bb2+ f6 31.a4 Re7 32.e3 d4 33.e4 Bd3 34.Rc1 Re6 35.g4 f5 36.gxf5
gxf5 37.e5 Rh6 38.Nf3 Be4 39.h4 Kf8 40.Ng5 Bd5 41.Kg3 Rg6 42.h5 Rg8 43.Kh4 Ke7
44.h6 Rg6 45.Kh5 d3 46.Ba3+ Ke8 47.Nxh7 Bf3+ 48.Kxg6 {#r} 1-0

[Event "7th HD Bank Cup 2017"]
[Site "masterchessopen.com Ho Chi Minh City VIE"]
[Date "2017.03.17"]
[Round "9.6"]
[White "Vishnu,P"]
[Black "Lu Shanglei"]
[Result "1-0"]
[WhiteElo "2534"]
[BlackElo "2624"]

1.e4 c5 2.Nf3 d6 3.Nc3 a6 4.d4 cxd4 5.Nxd4 Nf6 6.Bg5 e6 7.f4 Nbd7 8.Qe2 Qc7
9.f5 e5 10.Nb3 b5 11.a3 h6 12.Bxf6 Nxf6 13.g4 g5 14.h4 Rg8 15.O-O-O Bb7 16.h5
Rc8 17.Rh3 Qb6 18.Nd5 Bxd5 19.exd5 Be7 20.Qg2 Kf8 21.Kb1 Kg7 22.Be2 Rc7 23.Nd2
Rgc8 24.c3 a5 25.Ne4 b4 26.cxb4 axb4 27.Rb3 Rc2 28.Qf3 Qc7 29.Rxb4 Rc1+
30.Rxc1 Qxc1+ 31.Ka2 Nxd5 32.Rb7 Rc7 33.Rxc7 Qxc7 34.Bd1 Nf4 35.Nc3 Bf6 36.Bb3
Qb6 37.Nd5 Qd4 38.Nc3 Nd3 39.Bd5 Nc5 40.Nb5 Qd2 41.Qg2 Qd3 42.Nxd6 Kh7 43.Qf3
Qd4 44.Nb5 Qd2 45.Be4 Kg7 46.Nc3 Bd8 47.Bc6 Nd3 48.Qg2 Qe1 49.Kb3 Bf6 50.Kc2
Nf4 51.Qe4 Qg1 52.Qf3 Qh2+ 53.Kb3 Qd2 54.Be4 Bd8 55.Qd1 Qxd1+ 56.Nxd1 Bb6
57.Kc4 Bd4 58.b4 Kf8 59.a4 Ke7 60.a5 Kd7 61.b5 Ne2 62.b6 Ng3 63.Bd5 f6 64.Kb5
{#r} 1-0

[Event "7th HD Bank Cup 2017"]
[Site "masterchessopen.com Ho Chi Minh City VIE"]
[Date "2017.03.17"]
[Round "9.7"]
[White "Saduakassova,D"]
[Black "Rozum,I"]
[Result "0-1"]
[WhiteElo "2428"]
[BlackElo "2600"]

1.d4 Nf6 2.c4 d6 3.Nf3 g6 4.g3 Bg7 5.Bg2 Bf5 6.O-O O-O 7.Nc3 Ne4 8.Nh4 Nxc3
9.bxc3 Bc8 10.Ba3 Nd7 11.Qd3 c6 12.Rfd1 Qa5 13.Bc1 Nb6 14.e4 Be6 15.d5 Bg4
16.Bf3 Qxc3 17.Qxc3 Bxc3 18.Rb1 Bxf3 19.Nxf3 Rfc8 20.Bg5 f6 21.Be3 Nxc4
22.Rdc1 Nxe3 23.Rxc3 Ng4 24.h3 Ne5 25.Nxe5 fxe5 26.Rxb7 cxd5 27.Rxc8+ Rxc8
28.exd5 Kf7 29.Rxa7 Rc5 30.a4 Rxd5 31.a5 Rd2 32.a6 Ra2 33.Ra8 Ke6 34.Kf1 d5
35.h4 e4 36.Ke1 Ke5 37.a7 Kd4 38.Kf1 e6 39.Ke1 Kd3 40.Kf1 d4 {#R} 0-1

[Event "7th HD Bank Cup 2017"]
[Site "masterchessopen.com Ho Chi Minh City VIE"]
[Date "2017.03.17"]
[Round "9.8"]
[White "Tran Tuan Minh"]
[Black "Michalik,P"]
[Result "1-0"]
[WhiteElo "2503"]
[BlackElo "2578"]

1.d4 Nf6 2.c4 e6 3.Nc3 Bb4 4.Qb3 c5 5.Nf3 b6 6.a3 Ba5 7.Bd2 O-O 8.e3 Nc6 9.Be2
d5 10.O-O cxd4 11.exd4 Bxc3 12.Bxc3 dxc4 13.Bxc4 Bb7 14.Rfe1 Ne7 15.Bb4 Nfd5
16.Bd2 Nf5 17.Re5 Nde7 18.Bb4 a5 19.Bxe6 Nxd4 20.Nxd4 axb4 21.Qxb4 Ng6 22.Rb5
Nf4 23.Bg4 Nd3 24.Qc3 Ba6 25.Rh5 g6 26.Ne6 fxe6 27.Bxe6+ Rf7 28.Bxf7+ Kxf7
29.Rxh7+ Ke6 30.Qc6+ Ke5 31.Rd7 {#r} 1-0

[Event "7th HD Bank Cup 2017"]
[Site "masterchessopen.com Ho Chi Minh City VIE"]
[Date "2017.03.17"]
[Round "9.10"]
[White "Vignesh,N R"]
[Black "Zhou Jianchao"]
[Result "0-1"]
[WhiteElo "2405"]
[BlackElo "2619"]

1.e4 c5 2.Nf3 d6 3.d4 cxd4 4.Nxd4 Nf6 5.Nc3 a6 6.f4 e5 7.Nf3 Nbd7 8.a4 Qc7
9.Bd3 Be7 10.O-O O-O 11.Kh1 Nc5 12.Qe1 Re8 13.fxe5 dxe5 14.Bg5 Be6 15.Nh4 Nh5
16.Bxe7 Qxe7 17.Nf5 Qg5 18.Be2 Nf6 19.Nd6 Red8 20.Rd1 a5 21.Bb5 h5 22.Qd2 Qxd2
23.Rxd2 Kf8 24.h3 h4 25.Kg1 Nh5 26.Rfd1 Ng3 27.Ne2 Nxe2+ 28.Rxe2 Ke7 29.Red2
g5 30.Kf1 f6 31.b3 g4 32.hxg4 Bxg4 33.Be2 Rxd6 34.Rxd6 Nxe4 35.R6d3 Ng3+
36.Rxg3 Bxe2+ 37.Kxe2 hxg3 38.Rd5 Ke6 39.Rb5 f5 40.Kf3 Rd8 41.Kxg3 Rd2 42.Rxa5
Rxc2 43.Rb5 f4+ 44.Kf3 Rc3+ 45.Kf2 Rc7 46.a5 Kf5 47.Kf3 Rc3+ 48.Kf2 Rc7 49.Kf3
Rg7 50.b4 Rd7 51.Rb6 e4+ 52.Ke2 Rg7 53.Kf1 e3 54.a6 bxa6 55.Rxa6 Rc7 56.Ra1
Kg4 57.b5 f3 58.b6 Rh7 59.gxf3+ Kxf3 60.Kg1 Rg7+ 61.Kh2 e2 62.Ra7 e1=Q {#R}
0-1

[Event "7th HD Bank Cup 2017"]
[Site "masterchessopen.com Ho Chi Minh City VIE"]
[Date "2017.03.17"]
[Round "9.13"]
[White "Antonio,R"]
[Black "Le Tuan Minh"]
[Result "0-1"]
[WhiteElo "2465"]
[BlackElo "2475"]

1.e4 c5 2.Nf3 d6 3.d4 cxd4 4.Nxd4 Nf6 5.Nc3 g6 6.Be3 Bg7 7.f3 Nc6 8.Bc4 Bd7
9.Qd2 O-O 10.O-O-O Rc8 11.Bb3 Nxd4 12.Bxd4 b5 13.Bxa7 b4 14.Nd5 Nxd5 15.exd5
Qa5 16.Bd4 Rxc2+ 17.Qxc2 Bf5 18.Qf2 Bh6+ {#R} 0-1

[Event "7th HD Bank Cup 2017"]
[Site "masterchessopen.com Ho Chi Minh City VIE"]
[Date "2017.03.17"]
[Round "9.15"]
[White "Nguyen,Anh Khoi"]
[Black "Dimakiling,O"]
[Result "1-0"]
[WhiteElo "2459"]
[BlackElo "2405"]

1.d4 Nf6 2.c4 c6 3.Nf3 d5 4.Nc3 g6 5.Bf4 dxc4 6.e3 Nd5 7.Be5 f6 8.Bxb8 Rxb8
9.Bxc4 b5 10.Be2 Nxc3 11.bxc3 a5 12.O-O Be6 13.Nd2 f5 14.a4 b4 15.cxb4 Rxb4
16.Qc2 Bd5 17.Bc4 Bg7 18.Rfb1 Rxb1+ 19.Rxb1 O-O 20.Nb3 e5 21.dxe5 Bxe5
22.Bxd5+ cxd5 23.Qc5 f4 24.e4 Qg5 25.Qxd5+ Kh8 26.h4 Qf6 27.Nc5 f3 28.Nd7 Bh2+
29.Kxh2 Qxh4+ 30.Kg1 fxg2 31.Qd4+ Kg8 32.Kxg2 Qg4+ 33.Kf1 Qh3+ 34.Ke2 Qf3+
35.Kd2 Rd8 36.Rb7 h5 37.Ke1 {#r} 1-0

[Event "7th HD Bank Cup 2017"]
[Site "masterchessopen.com Ho Chi Minh City VIE"]
[Date "2017.03.17"]
[Round "9.16"]
[White "Nouri,H"]
[Black "Garcia,Jan"]
[Result "0-1"]
[WhiteElo "2344"]
[BlackElo "2444"]

1.b3 e5 2.Bb2 Nc6 3.e3 Nf6 4.g4 d5 5.g5 Ne4 6.h4 f6 7.d3 Nd6 8.Nd2 Be6 9.Bh3
Bxh3 10.Nxh3 Qd7 11.Qf3 Qe6 12.O-O-O O-O-O 13.Kb1 Be7 14.gxf6 Bxf6 15.Ng5 Bxg5
16.hxg5 Rdf8 17.Qg2 h5 18.gxh6 gxh6 19.Rh2 Rhg8 20.Qh1 Rg6 21.Rg1 Rfg8 22.Rxg6
Rxg6 23.a3 a5 24.Rh5 Kb8 25.Qh2 e4 26.dxe4 dxe4 27.Ka2 a4 28.Qf4 axb3+ 29.cxb3
Rg1 30.Qf8+ Ka7 31.Qh8 b6 32.Rxh6 Qd5 33.Qh7 Kb7 34.Rxd6 Qxd6 35.Nxe4 Qd1
36.Nc3 Qd8 37.Nb5 Rd1 38.Bc3 Rd5 39.a4 Rc5 40.Kb2 Nb8 41.Bd4 Rc6 42.f4 Na6
43.Qe4 Nb4 44.f5 Ka6 45.f6 Rc2+ 46.Ka3 c5 47.Bb2 Rxb2 48.Kxb2 Qd2+ 49.Kb1 Qd1+
50.Kb2 Nd3+ {#R} 0-1